000 01477nam0a22002891 4500
001 rc\3037134
005 20250530021555.0
035 _a(NLR Aleph) 007177690
090 _a7409820
_c7409820
100 _a20111004d1935 |||y0rusy50 ca
101 0 _arus
102 _aRU
105 _aa z |||||
200 1 _aИллюстированный прейскурант швейных машин IV, V и IX классов для ремесленного и фабричного производства
_fНаркомтяжпром. Главметиз ...
210 _a[Москва]
_cВсесоюз. контора по сбыту продукции точной индустрии "Точмашсбыт"
_d1935
_eКалинин
_gтип. "Пролет. пр."
215 _aОбл., 88 с.
_cил.
_d23×15 см
300 _aНа обороте тит. л.: "Сост. каталога Спиридонов Н.Н., Экивин И.А."
300 _aНа обл. загл.: "Швейные машины 4, 5 и 9 класса для фабричного производства"
512 0 0 _aШвейные машины 4, 5 и 9 класса для фабричного производства
702 1 _aСпиридонов
_bН.Н.
_4220
702 1 _aЭкивин
_bИ.А.
_4220
710 0 2 _a"Точмашсбыт", контора
_cМосква
801 0 _aRU
_bNLR
_gpsbo
801 1 _aRU
_bELAR
_2rusmarc
852 _aNLR
_j35-11/230
942 _cBOOK
980 _aNB